000 00747nam a2200217Ii 4500
003 JO-AjNU
008 230605s9999||||xx |||||||||||||| ||und||
017 _a2000/10900
020 _a977-04-3040-04
040 _aJO-AjNU
_bara
_erda
_cJO-AjNU
041 _aara
050 1 4 _aHG4530 .A8522 2005
100 3 _aعطية، احمد صلاح,
_eauthor
_932633
245 0 0 _aمشاكل المحاسبة والافصاح في صناديق الاستثمار=Accounting for Mutual Funds
264 3 1 _aالاسكندرية: الدار الجامعية، 2005
300 _a242ص
336 _atext
_btxt
_2rdacontent
337 _aunmediated
_bn
_2rdamedia
338 _avolume
_bnc
_2rdacarrier
650 4 _aالاستثمار- محاسبة
_932634
999 _aA13197
_c16765
_d16765